LEADER 01424nam a2200325 u 4500 001 000000057286 003 CaOOAMICUS 005 20070226120551.0 008 010507s1974 gw u000 u ger u 020 $a3779574101 (Jugenddienst) 020 $a3491774583 (Patmos) 035 $a10887398 040 $aPUL(R)$bita 100 1 $aZwiefelhofer, Hans.$0(OLS)http://pul/name/40039 245 10$aChristen und Sozialismus in Lateinamerika /$cHans Zwiefelhofer. 260 $aWuppertal :$bJugenddienst-Verlag :$bPatmos-Verlag,$c1974. 300 $a120 p. ;$c21 cm 490 1 $aTheologie in Lateinamerika ;$v1 650 4$aTeologia$zAmerica latina.$0(OLS)http://pul/subject/22864 650 4$aTeologia della liberazione.$0(OLS)http://pul/subject/2678 650 4$aSocialismo.$0(OLS)http://pul/subject/3492 830 0$aTheologie in Lateinamerika ;$v1.$0(OLS)http://pul/title/76690 850 $aPUL 852 $aPUL$W1$xSL Religione 1$y3$m58 N 9$j74966$nBK-PRI$b $qStampati$B74966$CPULBib$Z2$F74966 $H $81 941 1 $a8 961 $aINV: 63403 996 $6020$a3779574101 (Jugenddienst)$9(OLS)http://pul/number/72365 996 $6020$a3491774583 (Patmos)$9(OLS)http://pul/number/72366 996 $6245$aChristen und Sozialismus in Lateinamerika$9(OLS)http://pul/title/76689 996 $6260$aWuppertal :$bJugenddienst-Verlag :$bPatmos-Verlag$9(OLS)http://pul/publisher/69413 LEADER 01075nam a2200265 u 4500 001 000000005392 003 CaOOAMICUS 005 20070226104745.0 008 940514s1949 fr u000 u fre u 035 $a10141135 040 $aIaU$bita$dPUL(R)$dPUL(R) 245 00$aEtienne Gilson :$bphilosophe de la chrétienté /$cpar J. Maritain ... [et al.]. 260 $aParis :$bLes Éditions du Cerf,$c1949. 300 $a295 p. ;$c19 cm 490 1 $aRencontres ;$v30 504 $aBibliographical footnotes. 600 14$aGilson, Étienne ,$d1884-1978.$0(OLS)http://pul/subject/593 700 1 $aMaritain, Jacques,$d1882-1973.$0(OLS)http://pul/name/868 830 0$aRencontres (Édition du Cerf) ;$v30.$0(OLS)http://pul/title/7887 850 $aPUL 852 $aPUL$W1$xDP2 Filosofia 1$y62$m96 I 21$j7557$nBK-PRI$b $qStampati$B7557$CPULBib$Z2$F7557 $81 941 1 $a8 961 $aINV: 38287 996 $6245$aEtienne Gilson :$bphilosophe de la chrétienté$9(OLS)http://pul/title/7886 996 $6260$aParis :$bLes Éditions du Cerf$9(OLS)http://pul/publisher/47861